000 00500nam a2200193Ia 4500
003 GCL
008 140319s9999 xx 000 0 eng d
040 _aGCL /
_cGCL
082 0 4 _a708
_bM M
100 1 _aMUSESS SUISSES
245 1 0 _aMUSEE SUISSES: LIST DES PRINCIPAUX ET COLLECTIONS DE SUISSE /
_cMUSESS SUISSES
260 _a[S.N] :
_bGENEVE ،
_c1956
300 _a71 P
650 0 4 _aMUSEUMS
650 0 4 _aARTS
650 0 4 _aMUSEUM - COLLECTION
650 0 4 _aART, SWISS
942 _2ddc
_cBK
999 _c19715
_d19715